| 000 | 01202 a2200337 4500 | ||
|---|---|---|---|
| 999 |
_c200130068 _d31171 |
||
| 001 | 200130068 | ||
| 003 | TR-AnTOB | ||
| 005 | 20220218102324.0 | ||
| 008 | 130723b tu 000 0 | ||
| 020 | _a9786056116605 | ||
| 040 |
_aTR-AnTOB _cTR-AnTOB |
||
| 041 | 0 | _atur | |
| 050 |
_aBP188.9 _bY8298 2010 |
||
| 090 |
_aBP188.9 _bY8298 2010 |
||
| 100 |
_aYusuf-i Hakiki, _d-1487 _989585 _eauthor |
||
| 245 | 1 | 0 |
_aSevgi yolu / _cYusuf Hakîki Baba ; hazırlayan: Ali Çavuşoğlu. |
| 264 | 1 |
_aAnkara : _bAksaray Belediyesi, _c2010 |
|
| 300 |
_a168 pages : _billustrations ; _c21 cm. |
||
| 336 |
_2rdacontent _atext _btxt |
||
| 337 |
_2rdamedia _aunmediated _bn |
||
| 338 |
_2rdacarrier _avolume _bnc |
||
| 490 | 0 |
_aAksaray Belediye Başkanlığı Kültür ve Sanat İşler Müdürlüğü Kültür Yayınları ; _vno: 2 |
|
| 600 | 0 | 7 |
_989585 _aYusuf-i Hakiki, _d-1487 |
| 650 | 7 |
_aİslam ahlakı _v1800'den önceki çalışmalar _2etuturkob _948445 |
|
| 650 | 0 |
_aSufism _vEarly works to 1800 _945902 |
|
| 650 | 0 |
_aIslamic ethics _948367 |
|
| 650 | 7 |
_aTasavvuf _v1800'den önceki çalışmalar _2etuturkob _988514 |
|
| 700 | 1 |
_aÇavuşoğlu, Ali _eeditor _934660 |
|
| 942 |
_cBK _2lcc |
||